000 01516nam a2200229Ia 4500
003 Ost
005 20260507075119.0
008 260507s9999||||xx |||||||||||||| ||und||
040 _cfsecg
041 _aara
082 _a333.7
100 _aأبو السعود، محمدى فوزى
_eمؤلف
245 0 _aمقدمة في اقتصاديات الموارد والبيئة /
_c محمدى فوزى أبو السعود
260 _aالإسكندرية:
_bالدار الجامعية,
_c2005
300 _a400 صفحة؛
_bإيضاحات ؛
_c24 سم
520 _aتعريف الموارد وتقسماتها وتخصيصها- بعض الجوانب الإقتصادية المتعلقة بالموارد الطبيعية- اقتصاديات الموارد البشرية- اقتصاديات السكان- اقتصاديات التعليم- أزمة الطاقة- السياسة السعرية الزراعية- السياسة التسويقية الزراعية- الزراعة في الدول النامية- المشكلة الزراعية في مصر- الإصلاح الإقتصادي- الموارد الزراعية- الموارد المائية- مشكلة تلوث البيئة- البيئة والتلوث التوازن البيئي- مكافحة التلوث والإضرار البيئي
653 _aإقتصاديات البيئة
653 _aالإقتصاد
653 _aالبيئة
700 _aمقلد، رمضان محمد وآخرون
_eمؤلف ثانوي
942 _cكتاب
999 _c43048
_d43048